| 000 | 00413 a2200169 4500 | ||
|---|---|---|---|
| 001 | 194512 | ||
| 020 | _a978-85-64443-28-0 | ||
| 040 | _cMagnum | ||
| 100 | _aBoy, Priscila Pereira | ||
| 240 | 1 | 0 |
_aCoisinhas para fazer todos os dias _lpor |
| 245 | 1 | 0 | _aCoisinhas para fazer todos os dias |
| 300 | _a36 | ||
| 362 | 0 | _a2019 | |
| 440 | 1 | _aVereda | |
| 697 | _aLÍNGUA - LINGÜÍSTICA - LITERATURA | ||
| 942 | _cBK | ||
| 999 |
_c194512 _d194512 |
||